00932cam8a220025300 4500001001200000005001700012008004100029010001600070035002000086035002200106035002200128040000900150050002200159100007100181245011900252250001500371260003200386500010900418504003000527610004800557949004700605004000700652999001900659qce0037312120190823112317.0750429s1952 nyu b 000 0 eng u a 51011923 a(Sirsi) r101099 a(QCAT)lss00813103 a(UPRA)qce00373121 dUPRA aBV2020b.I6 1952f1 aHogg, William Richey, 1921-dHogg, William Richey, 1921-6A59220.110aEcumenical foundations :ba history of the International Missionary Council and its nineteenth century background. a[1st ed.]. aNew York :bHarper,c[1952] a"Presented originally .... as a dissertation for the degree of doctor of philosophy in Yale University." aBibliography: p. 435-449.20aInternational Missionary Council.6S45617.1 aBV2020wlcci-144027mMAINtBOOKlON-SHELF101099 c153031d153031